| 000 | 00613nam a22001817a 4500 | ||
|---|---|---|---|
| 005 | 20251108174559.0 | ||
| 008 | 250721s2008 xx 000 0 ara d | ||
| 082 | 1 | 4 | _a910.8/ سمي |
| 100 | 1 | _aسميط، الحبيب عمر بن أحمد | |
| 245 | 1 | 0 | _aالرحلة السميطية إلى الأراضي الحضرمية / |
| 264 | 1 |
_aعمان : _bدار الفتح للدراسات و النشر، _c2008. |
|
| 300 | _a70ص0 | ||
| 650 | 1 | 7 | _aالرحلات الجغرافيه |
| 650 | 1 | 7 | _aاليمن |
| 700 | 1 |
_aالشبامي، محمد جبران _eجامع |
|
| 942 |
_2ddc _cBK |
||
| 999 |
_c112784 _d112784 |
||